000 00328 a2200157 4500
001 62660
020 _a97885160555029
040 _cAnchieta - Pituba
100 _aDreguer, Ricardo
240 1 0 _aBia na Ásia
_lpor
245 1 0 _aBia na Ásia
300 _a47
362 0 _a2007
650 4 _aLiteratura juvenil
942 _cBK
999 _c62660
_d62660